• 首页
  • 本馆介绍
  • 公告通知
  • 最新文献
  • 馆藏检索
  • 电子资源
  • 读者导购
  • 参考咨询
  • 我的图书馆
  • 登录
  • 详细信息显示
  • 放入我的书架
  • 预约/预借图书
  • 作者相关作品
  • 分类相关作品
  • 丛书相关作品
  • 出版社相关作品

书目信息

  • 表格格式
  • 工作单格式
  • 卡片格式
题名:
求索
    
 
作者: ;中国教科文卫工会全国委员会 编
分册:  
出版信息: 北京   中国工人出版社  2014
页数: 361页
开本: 24cm
丛书名:
单 册:
中图分类: D412.6-53
科图分类:
主题词: 文化教育--工会工作--中国--2013-2014--文集 , 科学研究事业--工会工作--中国--2013-2014--文集
电子资源:
ISBN: 978-7-5008-5950-5
000 01230nam0 2200253 450
001 0103347921
005 20150120140754.0
010    @a978-7-5008-5950-5@dCNY40.00
100    @a20141211d2014 em y0chiy0120 ea
101 0  @achi
102    @aCN@b110000
105    @ay z 000yy
106    @ar
200 1  @a求索@9Qiu Suo @e2013~2014中国教科文卫体工会优秀调研报告优秀论文选@f中国教科文卫体工会全国委员会编@b专著
210    @a北京@c中国工人出版社@d2014
215    @a361页@d24cm
330    @a本书汇集了教科文卫体工会系统工会工作者和专家学者理论与调查研究的最新成果,反映了教科文卫体工会系统的理论前沿。收录了《医患利益冲突情况调查》、《高校教师教学积极性影响因素的调查研究》、《在宁直属高校教职工大病医疗费用互助会调研报告》等调研报告和论文。
517 1  @a2013~2014中国教科文卫体工会优秀调研报告优秀论文选@92013~2014 zhong guo jiao ke wen wei ti gong hui you xiu diao yan bao gao you xiu lun wen xuan
606 0  @a文化教育@x工会工作@y中国@z2013-2014@j文集
606 0  @a科学研究事业@x工会工作@y中国@z2013-2014@j文集
690    @aD412.6-53@v5
711 02 @a中国教科文卫工会全国委员会@4编@9zhong guo jiao ke wen wei gong hui quan guo wei yuan hui
801  0 @aCN@bAZmarc@c20230907
905    @aBZT@dD412.6-53@e2@f1@sD412.6-53/2
    
    求索:2013~2014中国教科文卫体工会优秀调研报告优秀论文选/中国教科文卫体工会全国委员会编.-北京:中国工人出版社,2014
    361页;24cm
    
    
    ISBN 978-7-5008-5950-5:CNY40.00
    本书汇集了教科文卫体工会系统工会工作者和专家学者理论与调查研究的最新成果,反映了教科文卫体工会系统的理论前沿。收录了《医患利益冲突情况调查》、《高校教师教学积极性影响因素的调查研究》、《在宁直属高校教职工大病医疗费用互助会调研报告》等调研报告和论文。
●
相关链接 在五车中查询图书 在当当中查询图书 在豆瓣中查询图书


正题名:求索     索取号:D412.6-53/2         预约/预借

序号 登录号 条形码 馆藏地/架位号 状态 备注
1 2000031190   2000031190   旧书回溯/ [索取号:D412.6-53/2] 在馆    
山东省滨州职业学院图书馆 欢迎您!
大连网信软件有限公司© 版权所有